000 00450 a2200145 4500
999 _c9701
_d9701
050 _aKTL19.A35SOU1968
245 _aSouth African Law Reports:
_b1968 (3) July /
_cedited by Duncan G [et ...al]
264 _aCape Town:
_bJuta and CO,LTD,
_c1968
300 _a253p. :
500 _aincludes index
650 _alaw report
700 _aBarnett M
_eeditor
700 _aBuchanan J L
_eeditor
942 _2lcc
_cSERIALS
_hKTL19.A35
_iSOU
_kKTZ